Statistics for Every Irish Scorer since 2000

Click here to take the quiz!

General Stats

  • This quiz has been taken 34 times
    (10 since last reset)
  • The average score is 18 of 60

Answer Stats

#Player% Correct
38Robbie Keane
100%
5Roy Keane
100%
2John O'Shea
90%
1Seamus Coleman
80%
4Damien Duff
70%
4Aiden McGeady
60%
1Evan Ferguson
60%
5James McClean
60%
5Shane Duffy
60%
5Shane Long
60%
4Matthew Holland
50%
2Niall Quinn
50%
7Richard Dunne
50%
4Robbie Brady
50%
4Stephen Ireland
50%
1Adam Idah
40%
2Daryl Murphy
40%
5Ian Harte
40%
11Jonathan Walters
40%
9Kevin Doyle
40%
1David Connolly
30%
1David McGoldrick
30%
2Gary Breen
30%
2Gary Doherty
30%
3Jason McAteer
30%
2Jeff Hendrick
30%
1Matt Doherty
30%
1Michael Obafemi
30%
1Andy Keogh
20%
3Callum Robinson
20%
2Chiedozie Ogbene
20%
4Clinton Morrison
20%
1Conor Hourihane
20%
1Gary Kelly
20%
2Glenn Whelan
20%
3John Egan
20%
3Stephen Finnan
20%
2Stephen Ward
20%
1Steve Staunton
20%
1Troy Parrott
20%
2Wes Hoolahan
20%
2Alan Browne
10%
2Andy Reid
10%
1Cyrus Christie
10%
1Darron Gibson
10%
1James Collins
10%
2Keith Fahey
10%
7Kevin Kilbane
10%
1Marc Wilson
10%
2Mark Kinsella
10%
2Nathan Collins
10%
3Sean St Ledger
10%
2Simon Cox
10%
1Darren O'Dea
0%
2Dominic Foley
0%
2Keith Andrews
0%
1Mikey Johnstone
0%
1Shaun Williams
0%
1Stephen Elliot
0%
1Stephen McPhail
0%

Score Distribution

Percentile by Number Answered

Percent of People with Each Score

Your Score History

You have not taken this quiz since the last reset